Código de procedimiento administrativo y de lo contencioso administrativo ley 1437 de 2011. (Registro nro. 39038)

Detalles MARC
000 -ENCABEZADO
Número de control [NR] 00831nam a2200217Ia 4500
008 - DE LONGITUD FIJA DE DATOS DE ELEMENTOS - INFORMACIÓN GENERAL
Elementos de longitud fija [NR] 130821s2012 ck gr spa
020 ## - NUMERO INTERNACIONAL NORMALIZADO PARA LIBROS [R]
Número Internacional Normalizado del libro [NR] 9789583508745
040 ## - FUENTE DE CATALOGACION [NR]
Agencia de catalogación original [NR] Co-BoUCM
Idioma de catalogación [NR] spa
041 00 - CODIGO DE IDIOMA [R]
Código de idioma para texto/pista de sonido o título separado [R] Español
245 00 - MENCION DE TITULO [NR]
Título [NR] Código de procedimiento administrativo y de lo contencioso administrativo ley 1437 de 2011.
Mención de responsabilidad, etc. [NR] Sin MR
260 ## - PUBLICACION, DISTRIBUCION, ETC. (PIE DE IMPRENTA) [R]
Lugar de publicación, distribución, etc. [R] Bogotá (Colombia)
Nombre del editor, distribuidor, etc. [R] Editorial Temis
Fecha de publicación, distribución, etc. [R] 2012
300 ## - DESCRIPCION FISICA [R]
Extensión [R] 238 páginas
490 0# - MENCION DE SERIE [R]
Mención de serie [R] Códigos de bolsillo "Jorge Ortega Torres"
500 ## - NOTA GENERAL [R]
Nota general [NR] Incluye índices.
650 04 - ASIENTO SECUNDARIO DE MATERIA - TERMINO TEMATICO [R]
Término temático o nombre geográfico como elemento de entrada [NR] Código contencioso administrativo
Subdivisión general [R] Legislación
Subdivisión geográfica [R] Colombia
9 (RLIN) 35646
650 04 - ASIENTO SECUNDARIO DE MATERIA - TERMINO TEMATICO [R]
Término temático o nombre geográfico como elemento de entrada [NR] Derecho administrativo
9 (RLIN) 12695
650 04 - ASIENTO SECUNDARIO DE MATERIA - TERMINO TEMATICO [R]
Término temático o nombre geográfico como elemento de entrada [NR] Derecho administrativo
Subdivisión geográfica [R] Colombia
9 (RLIN) 31733
650 04 - ASIENTO SECUNDARIO DE MATERIA - TERMINO TEMATICO [R]
Término temático o nombre geográfico como elemento de entrada [NR] Procedimiento administrativo
Subdivisión geográfica [R] Colombia
9 (RLIN) 35079
942 ## - ELEMENTOS DE ENTRADA AGREGADOS (KOHA)
Tipo de ítem principal el descrito en 300a Libro
Tema principal Derecho
Edición 1
Parte restante de la signatura top. C386
Sistema de clasificación DEWEY
Clasificación 342.066
Existencias
Fecha de último préstamo Total préstamos Total Renewals Signatura topográfica Código de barras Última vez visto Ejemplar Price effective from Tipo de ítem Perdido Sistema de clasificación Dañado No prestable Tipo de ítem específico Suprimido Ubicación habitual Ubicación actual Localización Fecha de creación Forma de adquisición Costo
20/09/2025 32 6 342.066 C386 100127263 30/09/2025 Ej.1 03/02/2013 Libro   DEWEY     Libro   Bodega Bodega 3er piso 28/02/2013 Compra 10000.00